书目信息 |
| 题名: |
疾病自我诊疗手册
|
|
| 作者: | 服部光南 , 冈岛重孝 著 ;张春玲 , 赵志刚 译 | |
| 分册: | ||
| 出版信息: | 郑州 河南科学技术出版社 2002 |
|
| 页数: | 272页 | |
| 开本: | 21cm | |
| 丛书名: | ||
| 单 册: | ||
| 中图分类: | R4-62 | |
| 科图分类: | ||
| 主题词: | 常见病--诊疗 , CT--S007313--常见病 | |
| 电子资源: | ||
| ISBN: | 7-5349-2639-4 | |
| 000 | 01497nam0 2200397 450 | |
| 000 | 01462nam0 2200385 450 | |
| 000 | 01425nam0 2200373 450 | |
| 000 | 01606nam0 2200373 450 | |
| 000 | 01537nam0 2200349 450 | |
| 001 | 002186449 | |
| 005 | 20021128105211.0 | |
| 010 | @a7-5349-2639-4@b精装@dCNY30.00 | |
| 035 | @a002186449 | |
| 092 | @aCN@b529200 | |
| 100 | @a20021107d2002 em y0chiy0110 ea | |
| 101 | 1 | @achi@cjpn |
| 102 | @aCN@b410000 | |
| 105 | @aa z 001yy | |
| 106 | @ar | |
| 200 | 1 | @a疾病自我诊疗手册@Aji bing zi wo zhen liao shou ce@f(日)服部光南,(日)冈岛重孝著@F( ri ) fu bu guang nan, ( ri ) gang dao zhong xiao zhu@g张春玲,赵志刚译 |
| 210 | @a郑州@c河南科学技术出版社@d2002 | |
| 215 | @a272页@c图@d21cm | |
| 306 | @a通过上海碧日咨询事业有限公司和日本株式会社小学馆签订翻译出版合约出版发行 | |
| 314 | @a张春玲(女),河南财经学院副教授。合译著《疾病自我诊疗手册》等。 | |
| 314 | @a赵志刚,主任医师、教授、硕士研究生导师,河南省人民医院二内内分泌科主任,河南省医学会常务理事,河南省内分泌暨糖尿病学会副主任委员。合译著《疾病自我诊疗手册》等。 | |
| 606 | 0 | @a常见病@x诊疗 |
| 606 | 0 | @2CT@3S007313@a常见病 |
| 690 | @aR4-62@v4 | |
| 701 | 0 | @a服部光南@Afu bu guang nan@4著 |
| 701 | 0 | @a冈岛重孝@Agang dao zhong xiao@4著 |
| 702 | 0 | @a张春玲@Azhang chun ling@4译 |
| 702 | 0 | @a赵志刚@Azhao zhi gang@4译 |
| 801 | 0 | @aCN@bNLC@c20021204 |
| 905 | @aBZT@dR4-62@e12 | |
| 906 | @dCNY30.00@n0@r1 | |
| 疾病自我诊疗手册/(日)服部光南,(日)冈岛重孝著/张春玲,赵志刚译.-郑州:河南科学技术出版社,2002 |
| 272页:图;21cm |
| ISBN 7-5349-2639-4(精装):CNY30.00 |
| ● |
| 相关链接 |
|
|
|
正题名:疾病自我诊疗手册
索取号:R4-62/12
 
预约/预借
| 序号 | 登录号 | 条形码 | 馆藏地/架位号 | 状态 | 备注 |
| 1 | 652108 | 2000652108 | 中心书库中库/ 中库007架A面7列3层19/ [索取号:R4-62/12] | 在馆 | |
| 2 | 652109 | 2000652109 | 中心书库中库/ 中库007架A面7列3层22/ [索取号:R4-62/12] | 在馆 | |
| 3 | 652111 | 2000652111 | 中心书库中库/ 中库007架A面7列3层20/ [索取号:R4-62/12] | 在馆 | |
| 4 | 652112 | 2000652112 | 中心书库中库/ 中库007架A面5列2层21/ [索取号:R4-62/12] | 在馆 | |
| 5 | 652113 | 2000652113 | 中心书库中库/ 中库007架B面2列3层28/ [索取号:R4-62/12] | 在馆 | |
| 6 | 652114 | 2000652114 | 中心书库中库/ 中库007架A面7列3层24/ [索取号:R4-62/12] | 在馆 | |
| 7 | 652115 | 2000652115 | 中心书库中库/ 中库007架A面7列3层21/ [索取号:R4-62/12] | 在馆 | |
| 8 | 652116 | 2000652116 | 中心书库中库/ 中库007架B面2列3层29/ [索取号:R4-62/12] | 在馆 | |
| 9 | 652117 | 2000652117 | 中心书库中库/ 中库007架A面7列3层23/ [索取号:R4-62/12] | 在馆 |